| 000 | 02152nam0a2200325 i 4500 | ||
|---|---|---|---|
| 001 | RU\NLR\BIBL_A\010816010 | ||
| 005 | 20260407100422.0 | ||
| 010 |
_a9785983800441 _970 |
||
| 021 |
_aRU _b2015-50286 _92979 |
||
| 035 | _a(NLR Aleph) 010816010 | ||
| 090 |
_a10224217 _c10224217 |
||
| 100 | _a20150812d2015 k y0rusy50 ca | ||
| 101 | 0 | _arus | |
| 102 | _aRU | ||
| 105 | _aab z 000yy | ||
| 200 | 1 |
_aФормирование механизма устойчивого развития сельских территорий _eмонография _f[И. Н. Меренкова, В. Н. Перцев, И. И. Новикова, Е. С. Кусмагамбетова _gнауч. ред. д.э.н., доц. И. Н. Меренкова] _gФедер. гос. бюджет. науч. учреждение "Науч.-исслед. ин-т экономики и организации агропромышленного комплекса Центрально-Черноземного р-на Рос. Федерации" |
|
| 210 |
_aВоронеж _cФГБНУ НИИЭОАПК ЦЧР России _d2015 |
||
| 215 |
_a189 с. _cил., карт. _d21 |
||
| 320 | _aБиблиогр.: с. 147-171 (225 назв.) | ||
| 606 | 1 |
_aСельское хозяйство _xУстойчивого развития концепция _yРоссийская Федерация _92095111 _3RU\NLR\AUTH\661571256 |
|
| 686 | 1 | _aУ32(2)-96(2Р) | |
| 701 | 1 |
_aМеренкова _bИ. Н. _gИрина Николаевна _4070 _4340 |
|
| 701 | 1 |
_aПерцев _bВ. Н. _gВладимир Николаевич |
|
| 701 | 1 |
_7ca _8rus _aНовикова _bИ. И. _cканд. экон. наук, сел. хоз-во _gИрина Игоревна _9179483 _3RU\NLR\AUTH\770179534 |
|
| 701 | 1 |
_aКусмагамбетова _bЕ. С. _gЕлена Сергеевна |
|
| 712 | 0 | 2 |
_4570 _aНИИ экономики и организации агропромышленного комплекса Центрально-Черноземного района _cВоронеж _9609778 _3RU\NLR\AUTH\8810054632 |
| 942 | _cBOOK | ||
| 980 | _aNBR | ||